Sociologie politique de l'action publique (notice n° 1553107)

détails MARC
000 -LEADER
fixed length control field 01925cam a2200277zu 4500
003 - CONTROL NUMBER IDENTIFIER
control field FRCYB88926761
005 - DATE AND TIME OF LATEST TRANSACTION
control field 20251020123123.0
008 - FIXED-LENGTH DATA ELEMENTS--GENERAL INFORMATION
fixed length control field 251020s2021 fr | o|||||0|0|||fre d
020 ## - INTERNATIONAL STANDARD BOOK NUMBER
International Standard Book Number 9782200624767
035 ## - SYSTEM CONTROL NUMBER
System control number FRCYB88926761
040 ## - CATALOGING SOURCE
Original cataloging agency FR-PaCSA
Language of cataloging fr
Transcribing agency
Description conventions rda
100 1# - MAIN ENTRY--PERSONAL NAME
Personal name Hassenteufel, Patrick
245 01 - TITLE STATEMENT
Title Sociologie politique de l'action publique
Statement of responsibility, etc. ['Hassenteufel, Patrick']
264 #1 - PRODUCTION, PUBLICATION, DISTRIBUTION, MANUFACTURE, AND COPYRIGHT NOTICE
Name of producer, publisher, distributor, manufacturer Armand Colin
Date of production, publication, distribution, manufacture, or copyright notice 2021
300 ## - PHYSICAL DESCRIPTION
Extent p.
336 ## - CONTENT TYPE
Content type code txt
Source rdacontent
337 ## - MEDIA TYPE
Media type code c
Source rdamdedia
338 ## - CARRIER TYPE
Carrier type code c
Source rdacarrier
520 ## - SUMMARY, ETC.
Summary, etc. Avec la deuxième mondialisation, l’approfondissement de la construction européenne et les dynamiques de territorialisation, les politiques publiques ne se réduisent plus à l’action de l’État. Ces évolutions ont entraîné le développement de cadres d’analyse permettant d’appréhender les processus de construction collective de l’action publique par des acteurs multiples, en interaction à différents niveaux.Cet ouvrage présente ces approches en s’appuyant sur des études de cas empiriques portant sur des domaines variés, en France et ailleurs. Il rend compte de l’ensemble du processus de politique publique, de la construction de problèmes publics à la concrétisation de l’action publique.Cette troisième édition, entièrement revue et enrichie, met l’accent sur les processus de formulation de l’action publique et sur les changements des politiques publiques dans le contexte des crises multiples du xxie siècle (crise financière, dérèglement climatique, crise sanitaire…). Elle invite à s’interroger sur les transformations en cours de l’État et des régimes politiques.
650 #0 - SUBJECT ADDED ENTRY--TOPICAL TERM
Topical term or geographic name entry element
700 0# - ADDED ENTRY--PERSONAL NAME
Personal name Hassenteufel, Patrick
856 40 - ELECTRONIC LOCATION AND ACCESS
Access method Cyberlibris
Uniform Resource Identifier <a href="https://international.scholarvox.com/netsen/book/88926761">https://international.scholarvox.com/netsen/book/88926761</a>
Electronic format type text/html
Host name

Pas d'exemplaire disponible.

PLUDOC

PLUDOC est la plateforme unique et centralisée de gestion des bibliothèques physiques et numériques de Guinée administré par le CEDUST. Elle est la plus grande base de données de ressources documentaires pour les Étudiants, Enseignants chercheurs et Chercheurs de Guinée.

Adresse

627 919 101/664 919 101

25 boulevard du commerce
Kaloum, Conakry, Guinée

Réseaux sociaux

Powered by Netsen Group @ 2025